[Event "EU Union-ch U14 19th"]
[Site "Mureck"]
[Date "2022.08.11"]
[Round "9"]
[White "Marzakov, Mihail"]
[Black "Neuhoff, Laertes"]
[Result "0-1"]
[WhiteElo "1458"]
[BlackElo "1997"]
[PlyCount "102"]
[EventDate "2022.08.03"]
[EventType "swiss"]
[EventRounds "9"]
[EventCountry "AUT"]
[SourceTitle "EXT 2023"]
[Source "ChessBase"]
[SourceDate "2022.10.05"]
[SourceVersion "1"]
[SourceVersionDate "2022.10.05"]
[SourceQuality "1"]

1. d4 d5 2. c4 e6 3. Nc3 Nf6 4. e3 c6 5. Nf3 Nbd7 6. Bd3 dxc4 7. Bxc4 b5 8. Bd3 Bb7 9. 0-0 a6 10. b3 c5 11. Bb2 Be7 12. Rc1 0-0 13. dxc5 Nxc5 14. Bb1 Qb6 15. b4 Ncd7 16. Qb3 Bxf3 17. gxf3 Ne5 18. f4 Nf3+ 19. Kg2 Qb7 20. e4 Nd2 21. Qc2 Nxb1 22. Rxb1 Bxb4 23. f3 Rac8 24. Qb3 Bxc3 25. Bxc3 Nh5 26. Bd2 Rfd8 27. Be3 Qe7 28. Rfd1 Qh4 29. Rxd8+ Rxd8 30. Rd1 h6 31. Rxd8+ Qxd8 32. a4 Qb8 33. axb5 axb5 34. e5 g6 35. Qb4 Ng7 36. Bc5 Nf5 37. h3 Qb7 38. Qe4 Qd7 39. Bb4 Qd4 40. Qxd4 Nxd4 41. Kf2 Nc6 42. Bd2 h5 43. Ke3 Kf8 44. Kd3 Ke7 45. Be3 Kd7 46. Ke4 Nb4 47. Bd2 Nd5 48. Kd4 Kc6 49. h4 Ne7 50. Ke4 Nf5 51. Be1 Kc5 0-1

[Event "EU Union-ch U14 19th"]
[Site "Mureck"]
[Date "2022.08.09"]
[Round "7"]
[White "Bangerter, Ena"]
[Black "Marzakov, Mihail"]
[Result "0-1"]
[WhiteElo "1505"]
[BlackElo "1458"]
[PlyCount "60"]
[EventDate "2022.08.03"]
[EventType "swiss"]
[EventRounds "9"]
[EventCountry "AUT"]
[SourceTitle "EXT 2023"]
[Source "ChessBase"]
[SourceDate "2022.10.05"]
[SourceVersion "1"]
[SourceVersionDate "2022.10.05"]
[SourceQuality "1"]

1. d4 d5 2. c4 e6 3. Nf3 f5 4. Nc3 c6 5. Qb3 Nf6 6. Bf4 Be7 7. h3 0-0 8. e3 Nbd7 9. Bd3 g6 10. 0-0 Kg7 11. Ng5 Nb8 12. Nf3 Ne4 13. Ne5 Nd2 14. Qc2 Nxf1 15. Rxf1 Nd7 16. Nf3 Nf6 17. c5 h6 18. Qe2 Nd7 19. Nh2 e5 20. Bxe5+ Nxe5 21. dxe5 Bxc5 22. f4 Be6 23. Nf3 Qd7 24. h4 h5 25. Nd4 Be7 26. g3 Rfc8 27. Qc2 b5 28. Qb3 a6 29. Rc1 Bg8 30. Nf3 d4 0-1

[Event "Varna U2200 op"]
[Site "Varna"]
[Date "2019.07.02"]
[Round "1"]
[White "Marzakov, Mihail"]
[Black "Georgiev, Konstantin"]
[Result "0-1"]
[WhiteElo "1095"]
[BlackElo "1914"]
[PlyCount "60"]
[EventDate "2019.07.02"]
[EventType "swiss"]
[EventRounds "7"]
[EventCountry "BUL"]
[SourceTitle "EXT 2020"]
[Source "ChessBase"]
[SourceDate "2019.10.17"]
[SourceVersion "1"]
[SourceVersionDate "2019.10.17"]
[SourceQuality "1"]

1. d4 d5 2. c4 e6 3. Nc3 Nf6 4. e3 Bb4 5. Bd2 0-0 6. Bd3 c5 7. Nf3 Nc6 8. a3 Bxc3 9. bxc3 b6 10. 0-0 Ba6 11. Qa4 Na5 12. Ne5 Qc7 13. cxd5 Bxd3 14. Nxd3 c4 15. Nc1 exd5 16. Rb1 Ne4 17. Rd1 f5 18. f3 Nd6 19. Qc2 Rf6 20. Ne2 Re8 21. Nf4 Qf7 22. Nh3 Nb3 23. Rxb3 cxb3 24. Qxb3 Nc4 25. Kf2 h6 26. Nf4 g5 27. Nd3 Rfe6 28. Re1 Nxd2 29. Qxd5 Ne4+ 30. Kg1 Nd6 0-1